<?xml version="1.0" encoding="UTF-8"?>
<collection xmlns="http://www.loc.gov/MARC21/slim">
    <record>
        <controlfield tag="001">60497</controlfield>
        <controlfield tag="005">20170831220650.0</controlfield>
        <datafield tag="037" ind1=" " ind2=" ">
            <subfield code="a">TAZ-TFM-2016-648</subfield>
        </datafield>
        <datafield tag="041" ind1=" " ind2=" ">
            <subfield code="a">spa</subfield>
        </datafield>
        <datafield tag="100" ind1="1" ind2=" ">
            <subfield code="a">Martínez Cásedas, Pablo</subfield>
        </datafield>
        <datafield tag="242" ind1="0" ind2="0">
            <subfield code="a">Feature extraction of containers with spectral analysis in induction cooktops</subfield>
        </datafield>
        <datafield tag="245" ind1="0" ind2="0">
            <subfield code="a">Extracción de características de recipientes mediante análisis espectral en cocinas de inducción</subfield>
        </datafield>
        <datafield tag="260" ind1=" " ind2=" ">
            <subfield code="a">Zaragoza</subfield>
            <subfield code="b">Universidad de Zaragoza</subfield>
            <subfield code="c">2016</subfield>
        </datafield>
        <datafield tag="506" ind1=" " ind2=" ">
            <subfield code="a">by-nc-sa</subfield>
            <subfield code="b">Creative Commons</subfield>
            <subfield code="c">3.0</subfield>
            <subfield code="u">http://creativecommons.org/licenses/by-nc-sa/3.0/</subfield>
        </datafield>
        <datafield tag="520" ind1=" " ind2=" ">
            <subfield code="a">El mundo del calentamiento doméstico por inducción está en constante innovación. Siempre se busca obtener la máxima eficiencia y facilitar el uso por parte del usuario. De este perfeccionamiento continuo surge el concepto del Smart Cooking. La investigación en el ámbito del Smart Cooking persigue dotar de  inteligencia a las cocinas de inducción domésticas. Dentro de este campo, la  capacidad de extraer información de su entorno (recipientes, usuario)  y de sí misma es una de las funciones que requieren desarrollo. Este trabajo trata la extracción de información del interior de la cocina mediante el muestreo de las señales en la carga. En primer lugar se realizará una clasificación de diferentes métodos de muestreo con el fin de poder enmarcar en él el muestreo que se va a desarrollar. Posteriormente se estudiarán las exigencias de un sistema de este tipo y se decidirá el método de muestreo más adecuado. A continuación se presentará el algoritmo desarrollado. Se presentarán las ecuaciones que modelan su comportamiento y, si las hubiera, las restricciones que limitan su funcionamiento. Se realizará la simulación del algoritmo presentándole diferentes situaciones. Partiendo de la simulación de una situación de muestreo ideal, se añadirán diferentes efectos no ideales, desplazándose así la simulación de una situación ideal a una más próxima a la realidad.  Finalmente se desarrollará un prototipo con el fin de comprobar el funcionamiento del algoritmo y contrastarlo con los resultados obtenidos mediante simulación.</subfield>
        </datafield>
        <datafield tag="521" ind1=" " ind2=" ">
            <subfield code="a">Máster Universitario en Ingeniería Electrónica</subfield>
        </datafield>
        <datafield tag="540" ind1=" " ind2=" ">
            <subfield code="a">Derechos regulados por licencia Creative Commons</subfield>
        </datafield>
        <datafield tag="700" ind1=" " ind2=" ">
            <subfield code="a">Bono Nuez, Antonio</subfield>
            <subfield code="e">dir.</subfield>
        </datafield>
        <datafield tag="700" ind1=" " ind2=" ">
            <subfield code="a">Bernal Ruiz, Carlos</subfield>
            <subfield code="e">dir.</subfield>
        </datafield>
        <datafield tag="710" ind1="2" ind2=" ">
            <subfield code="a">Universidad de Zaragoza</subfield>
            <subfield code="b">Ingeniería Electrónica y Comunicaciones</subfield>
            <subfield code="c">Tecnología Electrónica</subfield>
        </datafield>
        <datafield tag="856" ind1="0" ind2=" ">
            <subfield code="f">650150@celes.unizar.es</subfield>
        </datafield>
        <datafield tag="856" ind1="4" ind2=" ">
            <subfield code="s">3242290</subfield>
            <subfield code="u">http://zaguan.unizar.es/record/60497/files/TAZ-TFM-2016-648.pdf</subfield>
            <subfield code="y">Memoria (spa)</subfield>
        </datafield>
        <datafield tag="856" ind1="4" ind2=" ">
            <subfield code="s">670591</subfield>
            <subfield code="u">http://zaguan.unizar.es/record/60497/files/TAZ-TFM-2016-648_ANE.pdf</subfield>
            <subfield code="y">Anexos (spa)</subfield>
        </datafield>
        <datafield tag="909" ind1="C" ind2="O">
            <subfield code="o">oai:zaguan.unizar.es:60497</subfield>
            <subfield code="p">driver</subfield>
            <subfield code="p">trabajos-fin-master</subfield>
        </datafield>
        <datafield tag="950" ind1=" " ind2=" ">
            <subfield code="a"></subfield>
        </datafield>
        <datafield tag="951" ind1=" " ind2=" ">
            <subfield code="a">deposita:2017-02-28</subfield>
        </datafield>
        <datafield tag="980" ind1=" " ind2=" ">
            <subfield code="a">TAZ</subfield>
            <subfield code="b">TFM</subfield>
            <subfield code="c">EINA</subfield>
        </datafield>
    </record>

    
</collection>